Romanos de España: ciudades y política en las provincias siglo II A.C.-siglo III D.C

Guardat en:
Dades bibliogràfiques
Autor principal: Le Roux, Patrick (Autor)
Format: Llibre
Idioma:espanyol
Publicat: Barcelona, España Bellaterra 2006
Matèries:
Etiquetes: Afegir etiqueta
Sense etiquetes, Sigues el primer a etiquetar aquest registre!

MARC

LEADER 00000nam a2200000 a 4500
001 UCI5664
003 CL-VaPUC
005 20210617001419.0
008 080404e20060000SP |||||||||||||||||spa|d
999 |c 329385  |d 329383 
020 |a 8472903427 
040 |c Pontificia Universidad Católica de Valparaíso 
082 0 4 |a 946 LER 2006  |2 21 
100 0 |a Le Roux, Patrick  |e author  |9 528209 
245 1 0 |a Romanos de España:  |b  ciudades y política en las provincias siglo II A.C.-siglo III D.C 
260 |a Barcelona, España  |b Bellaterra  |c 2006 
300 |a 243 páginas 
583 |a last modification  |c 20080404 00:00:00  |k Rodrigo Vera 
650 0 |a Historia de España  |9 315435 
650 0 |a Política y gobierno  |z ESPAÑA  |9 255151 
650 0 |a Relaciones Internacionales  |z ESPAÑA  |z ROMA  |9 255740 
852 |a BIBCUR 
942 |c BK  |2 ddc 
945 |d 20080404 00:00:00  |a jtorresc 
952 |0 0  |1 0  |2 ddc  |4 0  |6 946_000000000000000_LER_2006  |7 0  |8 A  |9 413983  |a BIBHIS  |b BIBHIS  |d 2019-11-22  |i 4424069  |o 946 LER 2006  |p 4424069  |r 2025-01-20  |t 1  |w 2019-11-22  |y BK  |k HIS